Biggest US Cities Ending in E - Statistics

General Stats
  • This quiz has been taken 145 times
  • The average score is 21 of 46
Answer Stats
Population City % Correct
724,745 Seattle
88%
892,062 Jacksonville
82%
667,560 Nashville
80%
611,648 Baltimore
77%
621,349 Louisville
75%
859,035 Charlotte
73%
558,545 Albuquerque
72%
226,570 Boise
72%
1,035,317 San Jose
70%
595,351 Milwaukee
67%
187,347 Knoxville
61%
294,356 Anchorage
60%
225,374 Baton Rouge
60%
180,393 Providence
59%
191,049 Tallahassee
59%
217,108 Spokane
57%
190,265 Mobile
51%
327,728 Riverside
49%
143,396 Syracuse
49%
183,299 Brownsville
46%
168,916 Eugene
45%
265,904 Fort Wayne
45%
277,453 Irvine
42%
246,709 Glendale
41%
203,054 Glendale
41%
209,889 Fayetteville
40%
249,950 Scottsdale
40%
185,038 Tempe
40%
194,585 Huntsville
36%
240,397 Chesapeake
35%
180,072 Fort Lauderdale
35%
153,205 Clarksville
34%
147,682 Naperville
31%
137,472 Olathe
28%
176,193 Oceanside
25%
143,949 Mesquite
24%
189,344 Port St. Lucie
24%
157,519 Palmdale
23%
144,444 Bellevue
22%
140,560 Orange
18%
135,329 Roseville
16%
171,844 Elk Grove
13%
193,837 Grand Prairie
13%
146,758 Torrance
13%
174,226 Garden Grove
12%
153,656 Sunnyvale
11%
No matching quizzes found
Score Distribution
Percent of People with Each Score
Percentile by Number Answered
Your Score History
You have not taken this quiz